Statistics for Bible Characters #7

Click here to take the quiz!

General Stats

  • This quiz has been taken 23 times
  • The average score is 9 of 15

Answer Stats

HintAnswer% Correct
The 9-foot Philistine giantGoliath
86%
Listened to Jesus while her sister was busy{Mary} of Bethany
86%
The resurrected brother of the aboveLazarus
81%
Son of Noah whose descendant was JesusShem
76%
The zealot who became one of Jesus’ disciples{Simon} the Zealot
71%
The busy sister of the aboveMartha
67%
The three friends who refused to worship the aboveAbed-Nego
62%
The three friends who refused to worship the aboveMeshach
62%
The three friends who refused to worship the aboveShadrach
62%
The Babylonian king who created a statue of himselfNebuchadnezzar
52%
Joseph’s two sonsEphraim
48%
Joseph’s two sonsManasseh
43%
Jesus raised this person’s daughter from the deadJairus
38%
The short tax collectorZacchaeus
38%
Moses’ wifeTziporrah
19%

Score Distribution

Percentile by Number Answered

Percent of People with Each Score

Your Score History

You have not taken this quiz